العمائر الدينية والخدمية الباقية لمدينة الكفل العراقية : (Record no. 179498)
[ view plain ]
| 000 -LEADER | |
|---|---|
| fixed length control field | 04574namaa22004211i 4500 |
| 003 - CONTROL NUMBER IDENTIFIER | |
| control field | OSt |
| 005 - أخر تعامل مع التسجيلة | |
| control field | 20260418131326.0 |
| 008 - FIXED-LENGTH DATA ELEMENTS--GENERAL INFORMATION | |
| fixed length control field | 250827s2025 ua a|||frm||| 000 0 eng d |
| 040 ## - CATALOGING SOURCE | |
| Original cataloguing agency | EG-GICUC |
| Language of cataloging | ara |
| Transcribing agency | EG-GICUC |
| Modifying agency | EG-GICUC |
| Description conventions | rda |
| 041 0# - LANGUAGE CODE | |
| Language code of text/sound track or separate title | ara |
| Language code of summary or abstract | ara |
| -- | eng |
| 049 ## - Acquisition Source | |
| Acquisition Source | إيداع |
| 082 04 - DEWEY DECIMAL CLASSIFICATION NUMBER | |
| Classification number | 726.2 |
| 092 ## - LOCALLY ASSIGNED DEWEY CALL NUMBER (OCLC) | |
| Classification number | 726.2 |
| Edition number | 21 |
| 097 ## - Degree | |
| Degree | دكتـــــوراه |
| 099 ## - LOCAL FREE-TEXT CALL NUMBER (OCLC) | |
| Local Call Number | Cai01.14.01.Ph.D.2025.مؤ.ع |
| 100 0# - MAIN ENTRY--PERSONAL NAME | |
| Authority record control number or standard number | ،مؤمل سليم عزيز مرزة |
| Preparation | إعداد. |
| 245 12 - TITLE STATEMENT | |
| Title | العمائر الدينية والخدمية الباقية لمدينة الكفل العراقية : |
| Remainder of title | دراسة آثرية معمارية مقارنة / |
| Statement of responsibility, etc. | إعداد مؤمل سليم عزيز مرزة؛ إشراف أ.د/ محمد حمزة اسماعيل الحداد. |
| 246 15 - VARYING FORM OF TITLE | |
| Title proper/short title | Religious and service buildings remained from al-kifl iraqi city : |
| Remainder of title | Comparative archeological and architectural study / |
| 264 #0 - PRODUCTION, PUBLICATION, DISTRIBUTION, MANUFACTURE, AND COPYRIGHT NOTICE | |
| Date of production, publication, distribution, manufacture, or copyright notice | 2025. |
| 300 ## - PHYSICAL DESCRIPTION | |
| Extent | 863 صفحة : |
| Other physical details | إيضاحيات ؛ |
| Dimensions | 30 سم. + |
| Accompanying material | CD. |
| 336 ## - CONTENT TYPE | |
| Content type term | text |
| Source | rda content |
| 337 ## - MEDIA TYPE | |
| Media type term | Unmediated |
| Source | rdamedia |
| 338 ## - CARRIER TYPE | |
| Carrier type term | volume |
| Source | rdacarrier |
| 502 ## - DISSERTATION NOTE | |
| Dissertation note | أطروحة (دكتوراه)-جامعة القاهرة، 2025. |
| 504 ## - BIBLIOGRAPHY, ETC. NOTE | |
| Bibliography, etc. note | ببليوجرافيا: صفحات 557 -590. |
| 520 ## - SUMMARY, ETC. | |
| Summary, etc. | تهدف الدراسة إلى إماطة اللثام عن تاريخ مدينة الكفل العراقية التي تمتلك واحدة من أهم أيقونات العمارة وهي مئذنتها الشامخة هذا بالأضافة الى قبتها المقرنصة التي تعد رمز من رموز العمارة العراقية هي وأخواتها من القباب.<br/> هذا بالأضافة الى سوقها المسقف وخاناتها التي أدت وضيفتها على أكمل وجه في خدمة مرقدها، فهي قد اثرت في مجتمعها. فالعمارة تمثل حلقة الوصل الصلبة التي تربط الماضي بالحاضر وهي انعكاس لنتاج مجتمعها ، لذلك سوف نخوض في غمار بحثنا وسط هذه المنشآت العمارية الخاصة بالمدينة. وقد أقتضت طبيعة بحثنا تقسيمه الى ثلاثة أبواب، يشمل كل باب مجموعة من الفصول والمباحث، هذا بالأضافة الى تمهيد مهم عرفنا بشخصية النبي ذو الكفل وسبب تسميته ومراحل حياته وسبقنا التمهيد بمقدمة عرفنا فيها أهمية الموضوع وأسباب أختياره وكانت نهاية البحث بالخاتمة التي توصلنا بها الى أهم نتائج البحث التي أماطت اللثام عن كثير من أسرار الموقع. |
| 520 ## - SUMMARY, ETC. | |
| Summary, etc. | This study aims to uncover the history of the Iraqi city of Al-Kifl, which possesses one of the most important architectural icons: its towering minaret. This is in addition to its muqarnas dome, a symbol of Iraqi architecture, along with its sister domes. This is in addition to its covered market and its inns, which served its function to the fullest extent in serving its shrine, influencing its community. Architecture represents a solid link connecting the past to the present and is a reflection of the legacy of its society. Therefore, we will delve into these architectural structures unique to the city. The nature of our research necessitated dividing it into three chapters, each containing a set of sections and topics. This is in addition to an important introduction, which introduced the personality of the Prophet Dhu al-Kifl, the reason for his name, and the stages of his life. We preceded the introduction with an introduction, which explained the importance of the topic and the reasons for its selection. The research concluded with a conclusion, which reached the most important results, revealing many of the site's secrets. |
| 530 ## - ADDITIONAL PHYSICAL FORM AVAILABLE NOTE | |
| Issues CD | صدر أيضًا كقرص مدمج. |
| 546 ## - LANGUAGE NOTE | |
| Text Language | النص بالعربية والملخص باللغة الإنجليزية والعربية. |
| 650 #7 - SUBJECT ADDED ENTRY--TOPICAL TERM | |
| Topical term or geographic name entry element | المآذن |
| Source of heading or term | qrmak |
| General subdivision | عمارة |
| 650 #7 - SUBJECT ADDED ENTRY--TOPICAL TERM | |
| Topical term or geographic name entry element | العمارة الاسلامية |
| 653 #0 - INDEX TERM--UNCONTROLLED | |
| Uncontrolled term | ذو الكفل |
| -- | حزقيل |
| -- | الرحالة |
| 700 0# - ADDED ENTRY--PERSONAL NAME | |
| Personal name | محمد حمزة اسماعيل الحداد |
| Relator term | مشرف أطروحة. |
| 900 ## - Thesis Information | |
| Grant date | 27-03-2025 |
| Supervisory body | محمد حمزة اسماعيل الحداد |
| Universities | جامعة القاهرة |
| Faculties | كلية الآثار |
| Department | قسم الآثار الإسلامية |
| 905 ## - Cataloger and Reviser Names | |
| Cataloger Name | Sara Salah |
| Reviser Names | Afaf |
| 942 ## - ADDED ENTRY ELEMENTS (KOHA) | |
| Source of classification or shelving scheme | Dewey Decimal Classification |
| Koha item type | Thesis |
| Edition | 21 |
| Suppress in OPAC | No |
| Source of classification or shelving scheme | Home library | Current library | Date acquired | Inventory number | Full call number | Barcode | Date last seen | Effective from | Koha item type |
|---|---|---|---|---|---|---|---|---|---|
| Dewey Decimal Classification | المكتبة المركزبة الجديدة - جامعة القاهرة | قاعة الرسائل الجامعية - الدور الاول | 15.04.2026 | 33102 | Cai01.14.01.Ph.D.2025.مؤ.ع | 01010100033102000 | 15.04.2026 | 15.04.2026 | Thesis |